| 000 | 00369nam a2200145Ia 4500 | ||
|---|---|---|---|
| 008 | 231217s9999 xx 000 0 und d | ||
| 041 | _aEnglish | ||
| 082 | _a621.367 JAH | ||
| 100 | _aJahne, Bernd | ||
| 245 | 0 | _aDigital image processing [electronic resource: book] | |
| 260 |
_c2003 _bSpringer _aNew Delhi |
||
| 300 | _axii+585 | ||
| 300 | _cCD2428 | ||
| 942 | _cAA | ||
| 999 |
_c176669 _d176669 |
||